00514nam a2200157 a 450000100100000000500170001000800410002704000250006808200140009324500190010726000700012630000220019604900090021895201120022799900170033900002949720200930055607.0110418s19uu dr ac 000 0 spa d aDO-SdBNPbspacBNPHU axxxbD44100aDesarrollo 69. aSanto Domingo :bOficina de Desarrollo de la Comunidad,c[19--?]. a[22 p.] ;c23 cm. aBNPD 0010718PDaPDbPDcCTd2011-04-18iLF1l0oxxx D441p29497-10r2020-06-25w2020-06-25yLFPDZNo se presta c28989d28989